000 00708nam a2200289Ia 4500
005 20260324115812.0
008 008 260324s9999 xx 000 0 eng d
020 _a9780429258138
037 _aEBOOK
040 _aCRL
040 _beng
040 _cCRL
041 _2eng
041 _aeng
084 _qCRL
100 _aBartosz Misiurek
_91156070
245 0 _aStandardized Work with TWI
245 0 _bEliminating Human Errors in Production and Service Processes
260 _bTaylor and Francis
260 _c2016
365 _a
365 _b290
856 _uhttp://www.taylorfrancis.com/books/9780429258138
942 _cEBOOK
999 _c1747205
_d1747205